Petroleum and its combustion in diesel engines: with special reference to the use of residual fuels (Record no. 3568)

000 -LEADER
fixed length control field 00480nam a22001577a 4500
008 - FIXED-LENGTH DATA ELEMENTS--GENERAL INFORMATION
fixed length control field 200619b ||||| |||| 00| 0 eng d
082 00 - DEWEY DECIMAL CLASSIFICATION NUMBER
Classification number 531
Item number W4225
100 ## - MAIN ENTRY--PERSONAL NAME
9 (RLIN) 785
Personal name Lamb, John
245 10 - TITLE STATEMENT
Title Petroleum and its combustion in diesel engines: with special reference to the use of residual fuels
250 ## - EDITION STATEMENT
Edition statement 1st ed.
260 ## - PUBLICATION, DISTRIBUTION, ETC. (IMPRINT)
Place of publication, distribution, etc London
Name of publisher, distributor, etc Charles Griffin & Co
Date of publication, distribution, etc 1955
300 ## - PHYSICAL DESCRIPTION
Extent viii,264 p.
365 ## - TRADE PRICE
Unit of pricing 20.80
650 #0 - SUBJECT ADDED ENTRY--TOPICAL TERM
Topical term or geographic name as entry element Marine Diesel Motors
942 ## - ADDED ENTRY ELEMENTS (KOHA)
Item type Books
Holdings
Withdrawn status Lost status Source of classification or shelving scheme Damaged status Not for loan Permanent location Current location Date acquired Full call number Barcode Date last seen Koha item type
          IMU Kolkata IMU Kolkata 1959-02-06 531 W4225 02475 2020-06-19 Books
Designed and Maintained by IMU-KC Library, Kolkata Campus © Copyright All Rights Reserved

webs counters

Powered by Koha